00338nam a2200133Ia 4500003000900000008004100009040003300050041000800083080001700091100002100108245002800129260003200157300001500189LK-CoDNM010623t1971 xxu||||| |||| 00| 1 eng d aLK-CoDNMdLK-CoDNMeLK-CoDNM aeng ax 820-31 DEZ aDe Zoysa, Lucien aSelf-portrait of a king bPrint/designaColomboc1971 b176, 21 cm